Administración de recursos humanos (Registro nro. 28838)
[ vista simple ]
| 000 -CABECERA | |
|---|---|
| Longitud fija campo de control | 00809nam a2200229 a 4500 |
| 003 - IDENTIFICADOR DELl NÚMERO DE CONTROL | |
| Identificador del número de control | OSt |
| 005 - FECHA Y HORA DE LA ÚLTIMA TRANSACCIÓN | |
| Fecha y hora de la última transacción | 20180119104909.0 |
| 008 - CÓDIGOS DE INFORMACIÓN DE LONGITUD FIJA | |
| Códigos de información de longitud fija | 020226s2000 esp 000 0 spa d |
| 020 ## - NÚMERO INTERNACIONAL NORMALIZADO PARA LIBROS | |
| Número Internacional Normalizado para Libros (ISBN) | 978-1-4562-5662-3 |
| 040 ## - FUENTE DE LA CATALOGACIÓN | |
| Centro transcriptor | CRI |
| 082 ## - NÚMERO DE LA CLASIFICACIÓN DECIMAL DEWEY | |
| Númeroo de clasificación | 658.3 |
| 100 1# - PUNTO DE ACCESO PRINCIPAL-NOMBRE DE PERSONA | |
| Nombre de persona | Chiavenato, Idalberto |
| 9 (RLIN) | 8388 |
| 245 10 - MENCIÓN DE TÍTULO | |
| Título | Administración de recursos humanos |
| Resto del título | : el capital humano de las organizaciones |
| Mención de responsabilidad, etc. | Idalberto Chiavenato; Traducción: Gabriel Nagore Cázeres; Revisión técnica: Martha Patricia Guzmán Brito |
| 250 ## - MENCIÓN DE EDICIÓN | |
| Mención de edición | 10ª ed |
| 260 ## - PUBLICACIÓN, DISTRIBUCIÓN, ETC. (PIE DE IMPRENTA) | |
| Lugar de publicación, distribución, etc. | México D.F. [etc.] |
| Nombre del editor, distribuidor, etc. | McGraw-Hill |
| Fecha de publicación, distribución, etc. | 2017 |
| 300 ## - DESCRIPCIÓN FÍSICA | |
| Extensión | XI, 426 p. |
| Dimensiones | 26 cm |
| 500 ## - NOTA GENERAL | |
| Nota general | Índice: p. [414] |
| 650 24 - PUNTO DE ACCESO ADICIONAL DE MATERIA - TÉRMINO DE MATERIA | |
| Término de materia o nombre geográfico como elemento inicial | Gestión de recursos humanos |
| 9 (RLIN) | 5702 |
| 700 1# - PUNTO DE ACCESO ADICIONAL - NOMBRE DE PERSONA | |
| 9 (RLIN) | 7596 |
| Nombre de persona | Nagore, Gabriel |
| 700 1# - PUNTO DE ACCESO ADICIONAL - NOMBRE DE PERSONA | |
| 9 (RLIN) | 8529 |
| Nombre de persona | Guzmán Brito, Martha Patricia |
| 942 ## - ENTRADA DE ELEMENTOS AGREGADOS (KOHA) | |
| Fuente de clasificaión o esquema | Dewey Decimal Classification |
| Koha [por defecto] tipo de item | 1- Monografias |
| Parte de clasificación | prozim |
| Suprimido | Perdido | Fuente de clasificación o esquema | Estropeado | Restricciones de uso | No para préstamo | Código de colección | Localización permanente | Localización actual | Localización en estanter&íacute;as | Fecha adquisición | Fuente de adquisición | Coste, precio normal de compra | Número de inventario | Préstamos totales | Signatura completa | Código de barras | Fecha última consulta | Fecha último préstamo | Fecha del precio de reemplazo | Tipo de item de Koha | Renovaciones totales |
|---|---|---|---|---|---|---|---|---|---|---|---|---|---|---|---|---|---|---|---|---|---|
| NULL | NULL | Dewey Decimal Classification | NULL | Prestable | NULL | NULL | Biblioteca Centro Regional de Ilobasco | Biblioteca Centro Regional de Ilobasco | Sala Principal | 05/01/2018 | CRI | 0.00 | LI003752 | 1 | 658.3 CHI adm | 1043205 | 15/06/2022 | 19/04/2018 | 19/01/2018 | 1- Monografias | |
| NULL | NULL | Dewey Decimal Classification | NULL | Prestable | NULL | NULL | Biblioteca Centro Regional de Ilobasco | Biblioteca Centro Regional de Ilobasco | Sala Principal | 05/01/2018 | CRI | 0.00 | LI003753 | 4 | 658.3 CHI adm | 1043206 | 13/01/2026 | 13/01/2026 | 19/01/2018 | 1- Monografias | 2 |
| NULL | NULL | Dewey Decimal Classification | NULL | Prestable | NULL | NULL | Biblioteca Centro Regional de Ilobasco | Biblioteca Centro Regional de Ilobasco | Sala Principal | 05/01/2018 | CRI | 25.20 | LI003860 | 1 | 658.3 CHI adm | 1043357 | 15/06/2022 | 20/03/2019 | 29/01/2018 | 1- Monografias |